Statistics for Countries of The Americas by Population

Click here to take the quiz!

General Stats

  • This quiz has been taken 101 times
  • The average score is 32 of 35

Answer Stats

PopulationCountry% Correct
45.1 milAArgentina
100%
212 milBBrazil
100%
37.7 milCCanada
100%
50.8 milCColombia
100%
128 milMMexico
100%
32.9 milPPeru
100%
331 milUUnited States
100%
28.4 milVVenezuela
100%
19.1 milCChile
98%
17.6 milEEcuador
98%
17.9 milGGuatemala
98%
11.4 milHHaiti
96%
9.90 milHHonduras
96%
11.6 milBBolivia
95%
2.96 milJJamaica
95%
6.62 milNNicaragua
95%
3.47 milUUruguay
95%
10.8 milDDominican Republic
93%
7.13 milPParaguay
93%
11.3 milCCuba
91%
6.48 milEEl Salvador
91%
4.31 milPPanama
89%
586 kSSuriname
88%
1.39 milTTrinidad and Tobago
88%
287 kBBarbados
86%
397 kBBelize
86%
5.09 milCCosta Rica
86%
393 kBBahamas
84%
786 kGGuyana
84%
97.9 kAAntigua & Barbuda
80%
71.9 kDDominica
80%
112 kGGrenada
80%
183 kSSaint Lucia
79%
53.1 kSSaint Kitts & Nevis
66%
110 kSSt Vincent & Grenadines
54%

Score Distribution

Percentile by Number Answered

Percent of People with Each Score

Your Score History

You have not taken this quiz